Statistics for Brawl Stars Brawlers - Assassins

Click here to take the quiz!

General Stats

  • This quiz has been taken 54 times
  • The average score is 6 of 11

Answer Stats

Answer% Correct
Leon
89%
Crow
74%
Mortis
68%
Edgar
66%
Cordelius
49%
Fang
49%
Buzz
43%
Stu
38%
Melodie
36%
Mico
21%
Sam
21%

Score Distribution

Percentile by Number Answered

Percent of People with Each Score

Your Score History

You have not taken this quiz